| 000 | 00952cab a2200253 4500 | ||
|---|---|---|---|
| 001 | ABS45534 | ||
| 008 | 090401t1991 xxu||||| |||| 00| 0 eng d | ||
| 035 | _a(Sirsi) u53605 | ||
| 041 | _aeng | ||
| 100 | _aBingham, T. | ||
| 245 | _aGod made developers in his own image | ||
| 260 | _c1991 | ||
| 350 | _a0 | ||
| 490 |
_aBuilding _v256(7723) 29 November 1991, 28(1) |
||
| 520 | _aInvestigates the intricacies of a case under the ICE Conditions of Contract, where the contractor was unable to secure payment in spite of having received a payment certificate from the employer`s engineer. "Enco Civil Engineering Ltd v Zeus International Development". | ||
| 650 | _aCIVIL ENGINEERING CONTRACTS | ||
| 650 | _aCLAIMS | ||
| 650 | _aCONTRACTUAL OBLIGATIONS | ||
| 650 | _aICE CONDITIONS OF CONTRACT (FIFTH EDITION) | ||
| 650 | _aINTERIM CERTIFICATES | ||
| 690 | _aBUILT ENVIRONMENT-BUILDING CONTRACT FORMS | ||
| 942 | _n0 | ||
| 948 | _c04/03/1997 | ||
| 999 |
_c33020 _d33020 |
||